Statystyki dla Kraje europejskie po węgiersku

Kliknij tutaj aby rozwiązać quiz!

Ogólne statystyki

  • Ten quiz został rozwiązany 8 razy
  • Średni wynik to 3 z 15

Statystyki odpowiedzi

Po PolskuPo Węgiersku% Poprawnych
PolskaLengyelország
86%
WęgryMagyarország
86%
NiemcyNémetország
43%
ChorwacjaHorvátország
29%
SłowacjaSzlovákia
29%
BułgariaBulgária
14%
FrancjaFranciaország
14%
WłochyOlaszország
14%
RumuniaRománia
14%
HiszpaniaSpanyolország
14%
Republika CzeskaCseh Köztársaság
0%
ŁotwaLettország
0%
LitwaLitvánia
0%
SzwecjaSvédország
0%
UkrainaUkrajna
0%

Rozkład punktacji

Percentyl według liczby udzielonych odpowiedzi

Procent ludzi z każdym wynikiem

Twoja historia wyników

Nie rozwiązałeś tego quizu